Statistics for Australian cricket team 2015

Click here to take the quiz!

General Stats

  • This quiz has been taken 159 times
  • The average score is 9 of 15

Answer Stats

Answer% Correct
David warner
90%
steve smith
89%
mitchell starc
81%
Michael Clarke
74%
Mitchell Johnson
70%
brad haddin
69%
Aaron finch
63%
Glenn maxwell
59%
shane watson
56%
josh hazlewood
54%
Pat cummins
50%
mitchell marsh
49%
James Faulkner
44%
george Bailey
33%
Xavier doherty
28%

Score Distribution

Percentile by Number Answered

Percent of People with Each Score

Your Score History

You have not taken this quiz